[Event "POHÁR města Říčany 2023"]
[Site "Městské kulturní středisko U labutě"]
[Date "2023.08.30"]
[Round "6.41"]
[White "Dejmek, Tomas"]
[Black "Vajdik, Josef"]
[Result "0-1"]
[WhiteElo "1626"]
[BlackElo "1377"]
[WhiteFideId "23719222"]
[BlackFideId "23716606"]
[PlyCount "0"]
[EventDate "2023.08.26"]

1. d4 d5 2. c4 e6 3. Nc3 Nf6 4. Bg5 Be7 5. Nf3 O-O 6. cxd5 exd5 7. e3 Nbd7
8. Bd3 b6 9. O-O Bb7 10. Qc2 h6 11. Bf4 a6 12. Rac1 c5 13. Rfd1 c4 14. Be2 b5
15. b3 b4 16. Na4 c3 17. Ne5 Re8 18. f3 Nh5 19. Qf5 Ndf6 20. Ng4 Nxf4 21. Nxf6+
Bxf6 22. Qxf4 Bg5 23. Qf5 Bxe3+ 24. Kh1 Qh4 0-1

[Event "POHÁR města Říčany 2023"]
[Site "Městské kulturní středisko U labutě"]
[Date "2023.08.30"]
[Round "6.42"]
[White "Vit, Zdenek"]
[Black "Glasberger, Roman"]
[Result "0-1"]
[WhiteElo "1654"]
[BlackElo "1555"]
[WhiteFideId "23706830"]
[BlackFideId "398799"]
[PlyCount "0"]
[EventDate "2023.08.26"]

1. e4 c5 2. Nf3 d6 3. d4 cxd4 4. Nxd4 Nf6 5. Nc3 a6 6. Be2 e6 7. O-O Be7 8. Be3
O-O 9. f4 b5 10. Bf3 Bb7 11. e5 Nd5 12. Nxd5 Bxd5 13. f5 dxe5 14. Nxe6 fxe6
15. fxe6 Bxf3 16. Rxf3 Qxd1+ 17. Rxd1 Rxf3 18. gxf3 Nc6 19. Rd7 Kf8 20. c3 Nd8
21. Rd5 Nxe6 22. Rxe5 Kf7 23. f4 Rd8 24. a4 Bf6 0-1

[Event "POHÁR města Říčany 2023"]
[Site "Městské kulturní středisko U labutě"]
[Date "2023.08.30"]
[Round "6.43"]
[White "Borecky, Andrej"]
[Black "Slivova, Linda"]
[Result "0-1"]
[WhiteElo "1394"]
[BlackElo "1586"]
[WhiteFideId "23752670"]
[BlackFideId "23709294"]
[PlyCount "0"]
[EventDate "2023.08.26"]

1. d4 d5 2. c4 c6 3. Nc3 Nf6 4. Bf4 e6 5. e3 Nbd7 6. Nf3 Be7 7. Be2 dxc4
8. Bxc4 b5 9. Bd3 a6 10. O-O Bb7 11. h3 c5 12. a3 O-O 13. Rc1 Rc8 14. Qe2 cxd4
15. exd4 Qb6 16. Rfd1 Nd5 17. Nxd5 Bxd5 18. Ne5 Qb7 19. Rxc8 Qxc8 20. Rc1 Qb7
21. Nxd7 Qxd7 22. Rc7 Qd8 23. Qc2 f5 24. a4 Bf6 25. axb5 axb5 26. Qc5 Qa8
27. Bf1 Rd8 28. Bd6 Qa4 29. Bxb5 Qxd4 30. Qxd4 Bxd4 31. Be7 Rb8 32. Bd7 Rxb2
33. Rc8+ Kf7 34. Bh4 Rb1+ 35. Kh2 Be5+ 36. Bg3 Bxg3+ 37. Kxg3 Rb4 38. Bc6 Ba2
39. Rc7+ Kf6 40. Bf3 Rd4 41. Ra7 Bb3 42. Ra6 Rd7 43. Rb6 Bc4 44. Rc6 Bb5 45. Rb6
Bd3 46. Rb4 Rd6 47. Rh4 h6 48. Rb4 e5 49. Bb7 g5 50. Ra4 e4 51. Kh2 Rb6 52. Bd5
Ke5 53. Ba2 Ra6 54. Rxa6 Bxa6 55. g3 Bf1 56. h4 f4 57. hxg5 hxg5 58. gxf4+ gxf4
59. Kg1 Bb5 60. Kg2 Kd4 61. Be6 Be2 62. Bc8 Kc3 63. Bb7 Bd3 64. Ba8 Kd2 65. Bb7
e3 66. fxe3 fxe3 0-1

[Event "POHÁR města Říčany 2023"]
[Site "Městské kulturní středisko U labutě"]
[Date "2023.08.30"]
[Round "6.44"]
[White "Sboev, Kirill"]
[Black "Simak, Ivo"]
[Result "0-1"]
[WhiteElo "1542"]
[BlackElo "1575"]
[WhiteFideId "23732245"]
[BlackFideId "390879"]
[PlyCount "0"]
[EventDate "2023.08.26"]

1. d4 b6 2. c4 d6 3. Nc3 g6 4. Nf3 Bg7 5. e4 Nd7 6. Be2 Ngf6 7. O-O Bb7 8. Qc2
O-O 9. Rd1 Re8 10. Bf4 Nh5 11. Bg3 Nxg3 12. hxg3 e5 13. d5 Qe7 14. b4 a6 15. a3
Rf8 16. Nh4 Bf6 17. Bg4 Bc8 18. Nf3 Bg7 19. Bh3 Bh6 20. Kh2 Nf6 21. Rh1 Bxh3
22. gxh3 Nh5 23. Qe2 f5 24. exf5 Rxf5 25. Nd4 Rf7 26. Ne6 Ng7 27. Nxg7 Kxg7
28. Ne4 Raf8 29. Rhg1 Rf3 30. Rg2 Rb3 31. Nd2 Rb2 32. Rd1 e4 33. Qxe4 Qxe4
34. Nxe4 Rb3 35. Nd2 Rb2 36. Nb1 Re2 37. f4 Re3 38. Rc1 Kf7 39. Rgg1 Bg7 40. Rc2
g5 41. fxg5 Be5 42. Rgg2 Kg6 43. h4 Kh5 44. Kh3 Re4 0-1

[Event "POHÁR města Říčany 2023"]
[Site "Městské kulturní středisko U labutě"]
[Date "2023.08.30"]
[Round "6.45"]
[White "Cizek, Jan"]
[Black "Gacho, Ondrej"]
[Result "0-1"]
[WhiteElo "1515"]
[BlackElo "1659"]
[WhiteFideId "23745703"]
[BlackFideId "23718102"]
[PlyCount "0"]
[EventDate "2023.08.26"]

1. e4 c5 2. Nf3 Nc6 3. d4 cxd4 4. Nxd4 e5 5. Nb5 d6 6. N1c3 a6 7. Na3 Nf6
8. Bg5 Be7 9. Bxf6 Bxf6 10. Nc4 Nd4 11. Ne3 O-O 12. Ncd5 Be6 13. c3 Nb5 14. Bxb5
axb5 15. O-O Bg5 16. Qd3 Bd7 17. Nf5 Bc6 18. Nb4 Qc7 19. Nxd6 Rad8 20. Nxb5 Qb6
21. Nd5 Qxb5 22. Qxb5 Bxb5 23. Rfe1 Rd7 24. b3 Bd3 25. c4 b5 26. Rad1 bxc4
27. bxc4 Bxc4 28. Nf6+ Bxf6 29. Rxd7 Bxa2 30. g3 Be6 31. Ra7 Rb8 32. Kg2 g6
33. Re2 Bd8 34. h4 Bb6 35. Ra4 Bd4 36. Ra5 Bc4 37. Rd2 Bc3 38. Raa2 Bxa2
39. Rxa2 Rb2 40. Ra8+ Kg7 41. Kf1 Bd4 42. f4 exf4 43. Ra4 Rf2+ 44. Ke1 fxg3
45. Rxd4 Rf4 0-1